000 00481nam a2200133 a 4500
008 120416s9999 ||||||||||||||||| || u
050 _aTHESIS
100 _aLwenje, Melayi
245 1 4 _aThe impact of promotion on business practices and activities
246 _aa case study of National Breweries PLC - Kitwe
260 _a2003
350 _a0.00
995 _D0.00
_FCBU-MAIN LIBRARY (Kitwe)
_H1
_I0.00
_UAVAILABLE
_ZUniversity Collection
999 _c46340
_d46340